00395nam a2200121Ia 4500008004100000245013400041260001700175260000900192300000800201650002300209650001200232856002900244170516s9999 xx 000 0 und d aQuantum Dots: An Insight and Perspective of Their Biological Interaction and How This Relates to Their Relevance for Clinical Use bTheranostics c2012 a2:7 xMedical Technology xMedtech uhttp://www.thno.org/v2i7